Normal view
MARC view
Entry Personal Name
001 - CONTROL NUMBER
- control field: 53502
003 - CONTROL NUMBER IDENTIFIER
- control field: OSt
005 - DATE AND TIME OF LATEST TRANSACTION
- control field: 20250520161613.0
008 - FIXED-LENGTH DATA ELEMENTS
- fixed length control field: 250520|| aca||aabn | a|a d
040 ## - CATALOGING SOURCE
- Original cataloging agency: OSt
- Transcribing agency: OSt
100 ## - HEADING--PERSONAL NAME
- Personal name: Basa, Kishor K.
670 ## - SOURCE DATA FOUND
- Source citation: Work cat.: (OSt)526586: Basa, Kishor K. , Excavating the hidden voice of Maria Graham: the first women Narrator on South Asian archaeology
